[Event "AUTO-MASTER-3305"]
[Site "http://www.queenalice.com/game.php?id=1873168"]
[Date "2026.5.8"]
[Round "1"]
[White "Takeda"]
[Black "oniwa"]
[Result "0-1"]
[WhiteElo "2168"]
[BlackElo "1976"]

1. e4 e5 2. Nf3 Nc6 3. Bb5 d6 4. h3 Bd7 5. O-O a6 6. Ba4 Nf6 7. c3 Nxe4 8. d4
exd4 9. Re1 d5 10. Bxc6 Bxc6 11. Nxd4 Bc5 12. f3 Bxd4+ 13. Qxd4 Qe7 14. fxe4
O-O-O 15. e5 Rd6 16. Qg4+ Re6 17. Qxg7 Qe8 18. Bf4 Rg6 19. Bh6 Rxg7 20. Bxg7 Rg8
21. Bf6 Qe6 22. Kh2 Qf5 23. Na3 Qf2 0-1

[Event "AUTO-MASTER-3305"]
[Site "http://www.queenalice.com/game.php?id=1873184"]
[Date "2026.5.8"]
[Round "1"]
[White "oniwa"]
[Black "Tonto"]
[Result "1-0"]
[WhiteElo "1962"]
[BlackElo "2058"]

1. e4 e5 2. Nf3 d6 3. d4 Bg4 4. dxe5 Bxf3 5. Qxf3 dxe5 6. Bc4 Nf6 7. Bg5 Be7 8.
Nc3 Nbd7 9. O-O-O c6 10. Bxf6 Bxf6 11. Qh5 O-O 12. Qf5 b5 13. Rxd7 Qb6 14. Bb3
c5 15. Nd5 Qc6 16. Nxf6+ Qxf6 17. Qxf6 gxf6 18. Bd5 Rad8 19. Rxa7 f5 20. Rc7
fxe4 21. Rxc5 Kg7 22. Bxe4 f5 23. Bd3 e4 24. Bxb5 f4 25. Rc7+ Kh8 26. Re1 f3 27.
g3 Rb8 28. Bc4 Rfe8 29. Bd5 e3 30. Rxe3 Rxe3 31. fxe3 Rf8 32. Bc4 f2 33. Bf1 Rf3
34. Rc3 h5 35. a4 Rf5 36. b4 Kg7 37. Rc5 Rf6 38. b5 Re6 39. Kd2 Rd6+ 40. Ke2 h4
41. Kxf2 Rd2+ 42. Be2 h3 43. b6 Rd8 44. a5 1-0

[Event "AUTO-MASTER-3305"]
[Site "http://www.queenalice.com/game.php?id=1873185"]
[Date "2026.5.8"]
[Round "1"]
[White "Tonto"]
[Black "oniwa"]
[Result "1-0"]
[WhiteElo "1943"]
[BlackElo "2004"]

1. e4 e5 2. Nf3 Nc6 3. Be2 Nf6 4. d3 d5 5. Nbd2 Bb4 6. O-O Bxd2 7. Bxd2 dxe4 8.
dxe4 Nxe4 9. Bd3 Nf6 10. Re1 Bg4 11. Bb5 O-O 12. Bxc6 Bxf3 13. Qxf3 Qxd2 14.
Bxb7 Rae8 15. Bc6 Re6 16. Ba4 Rb8 17. Re2 Qd4 18. Bb3 Qxb2 19. Ree1 Re7 20. Red1
e4 21. Qe3 a5 22. f4 Ra8 23. Rab1 Qa3 24. Bxf7+ Kxf7 25. Qxa3 e3 26. Re1 Nd5 27.
Qb3 c6 28. c4 Nf6 29. c5+ Kf8 30. Rxe3 Nd5 31. Rxe7 Nxe7 32. Qb7 Re8 33. Rd1 g6
34. Qa7 Nd5 35. Qxa5 Kg7 36. Re1 Rf8 37. Qa6 Rf6 38. Qb7+ Kh6 39. a4 Nxf4 40.
Qe7 Rf5 41. a5 Nd3 42. Qe3+ Nf4 43. g3 g5 44. gxf4 Rxf4 45. Qh3+ Rh4 46. Re6+
Kh5 47. Qd3 h6 48. Qg6+ Kg4 49. Re4+ 1-0

[Event "AUTO-MASTER-3305"]
[Site "http://www.queenalice.com/game.php?id=1873187"]
[Date "2026.5.8"]
[Round "1"]
[White "pomar"]
[Black "oniwa"]
[Result "0-1"]
[WhiteElo "1824"]
[BlackElo "1982"]

1. f3 e5 2. Kf2 d5 3. e3 Bc5 4. d4 exd4 5. exd4 Bb6 6. c3 Qf6 7. g3 Nh6 8. Bh3
Bxh3 9. Nxh3 O-O 10. Kg2 Nd7 11. Re1 c6 12. Bxh6 Qxh6 13. Re7 Rad8 14. Nd2 Rfe8
15. Qe2 Rxe7 16. Qxe7 Qxd2+ 17. Kh1 Qxb2 18. Re1 h6 19. Qxd8+ Bxd8 20. Re8+ Kh7
21. Rxd8 Nf6 22. Rb8 Nd7 23. Rd8 Nb6 24. Rb8 Nc4 25. Rf8 Kg6 26. Nf4+ Kh7 27.
Rxf7 Ne3 28. h4 Nf1 29. Nh5 Qh2# 0-1

[Event "AUTO-ADV-4918"]
[Site "http://www.queenalice.com/game.php?id=1873285"]
[Date "2026.5.12"]
[Round "2"]
[White "Fauquinelle"]
[Black "oniwa"]
[Result "1-0"]
[WhiteElo "2125"]
[BlackElo "2033"]

1. e4 e5 2. Nf3 Nc6 3. Bb5 d6 4. d4 Bd7 5. Nc3 a6 6. Bc4 Bg4 7. Bxf7+ Kxf7 8.
Ng5+ Qxg5 9. Bxg5 Bxd1 10. d5 Bxc2 11. dxc6 bxc6 12. b3 Nf6 13. Bxf6 gxf6 14.
Kd2 Bxe4 15. Nxe4 Bh6+ 16. Ke2 f5 17. Ng3 Rhg8 18. Nxf5 Bf4 19. g3 Bg5 20. h4
Kf6 21. hxg5+ Kxf5 22. Rxh7 Ra7 23. Rf1 Rxg5 24. Rh4 c5 25. Kf3 Rb7 26. g4+ Kf6
27. Ke3 Rb4 28. f3 a5 29. f4 exf4+ 30. Rxf4+ Rxf4 31. Kxf4 Kg6 32. Rh8 Re5 33.
Ra8 c4 34. bxc4 Rc5 35. Kg3 Kg5 36. Rg8+ Kf6 37. Rf8+ Ke7 38. Rf4 Re5 39. a3 c6
40. Kf2 d5 41. cxd5 Rxd5 42. a4 c5 43. Ke3 Rd6 44. Rc4 Rd5 45. Ke4 Kd6 46. Ke3
Rd1 47. Ke4 Re1+ 48. Kd3 Kd5 49. Rf4 Rd1+ 50. Kc2 Re1 51. Kc3 Rc1+ 52. Kd2 Rb1
53. Rf5+ Kc4 54. Kc2 Rb4 55. Rf4+ Kd5 56. Rf5+ Kd4 57. g5 Rb7 58. g6 Rg7 59. Rf6
Kc4 60. Rf4+ Kd5 61. Rg4 Ke5 62. Rg5+ Kd4 63. Rg4+ Kd5 64. Kc3 Ke6 65. Kc4 Kf6
66. Kxc5 1-0

[Event "AUTO-ADV-4923"]
[Site "http://www.queenalice.com/game.php?id=1873334"]
[Date "2026.5.13"]
[Round "2"]
[White "oniwa"]
[Black "maurice916"]
[Result "1-0"]
[WhiteElo "1922"]
[BlackElo "1870"]

1. e4 c6 2. d4 d5 3. Nc3 dxe4 4. Nxe4 Nf6 5. Nxf6+ exf6 6. Bc4 Bd6 7. Nf3 Bg4 8.
O-O O-O 9. c3 Qc7 10. g3 Nd7 11. b4 f5 12. Qd3 Nb6 13. Bb3 h6 14. Nh4 g5 15.
Nxf5 Bxf5 16. Qxf5 Qd7 17. Qe4 Rae8 18. Qd3 Bb8 19. Bc2 f5 20. h4 Qg7 21. hxg5
hxg5 22. Kg2 Nd5 23. Rh1 Re4 24. Rh3 Kf7 25. Qf3 Re5 26. Bxf5 Rxf5 27. Qxf5+ Ke7
28. Bxg5+ Kd6 29. Rh6+ Kc7 30. Qg4 Kb6 31. Bd8+ 1-0

[Event "AUTO-ADV-4923"]
[Site "http://www.queenalice.com/game.php?id=1873335"]
[Date "2026.5.13"]
[Round "2"]
[White "maurice916"]
[Black "oniwa"]
[Result "0-1"]
[WhiteElo "1849"]
[BlackElo "1974"]

1. Nf3 Nc6 2. b3 e5 3. Bb2 e4 4. Ng1 Nf6 5. e3 d5 6. g3 Bg4 7. Be2 Bxe2 8. Nxe2
Bc5 9. O-O Bd6 10. d4 Ng4 11. Nf4 Bxf4 12. exf4 h5 13. h3 Nh6 14. Re1 Nf5 15.
Kg2 Qf6 16. c4 Qg6 17. Bc1 Nh4+ 18. Kh2 Nf3+ 19. Qxf3 Nxd4 20. Qe3 Nc2 21. Qd2
Nxe1 22. Qxe1 d4 23. Bb2 O-O-O 24. Na3 a6 25. Rd1 c5 26. Qh1 Qf5 27. Nc2 g5 28.
Bc1 g4 29. h4 e3 30. fxe3 Qxc2+ 31. Rd2 Qc3 32. Qd1 Qxe3 33. Rg2 Qe6 34. Re2 Qc6
35. Re5 f6 36. Re2 Rhe8 37. Rf2 Re4 38. Bb2 Rde8 39. Rg2 Qe6 40. Ba3 b6 41. Bc1
Qf5 42. Rf2 Re1 43. Qc2 Qxc2 44. Rxc2 d3 45. Rf2 Rxc1 0-1

[Event "AUTO-ADV-4914"]
[Site "http://www.queenalice.com/game.php?id=1873535"]
[Date "2026.5.18"]
[Round "2"]
[White "oniwa"]
[Black "Capixaba789"]
[Result "1-0"]
[WhiteElo "1983"]
[BlackElo "1849"]

1. e4 e5 2. Nf3 d6 3. Bb5+ c6 4. Ba4 Nf6 5. Nc3 Be7 6. O-O O-O 7. d4 exd4 8.
Nxd4 Bg4 9. f3 Bd7 10. Nce2 b5 11. Bb3 a5 12. a4 b4 13. c3 c5 14. Nb5 Bxb5 15.
axb5 Nbd7 16. Bc2 Ne5 17. Bf4 Qb6 18. Bxe5 dxe5 19. c4 Rfd8 20. Qe1 Nh5 21. Ng3
Nf4 22. Nf5 Bf8 23. Ne3 Qg6 24. Ng4 h5 25. Ne3 Be7 26. Rf2 Nh3+ 27. Kh1 Nxf2+
28. Qxf2 Qh6 29. Nd5 Bg5 30. Qxc5 Bh4 31. Ne3 Bf2 32. Nf5 Bxc5 33. Nxh6+ gxh6
34. h3 Bf2 35. Ba4 Rd2 36. b3 Bg3 37. Rc1 Rad8 38. Rf1 Rd1 39. Kg1 R8d2 40. b6
Rxf1+ 41. Kxf1 Rd8 42. c5 Bh4 43. c6 Rd1+ 44. Ke2 1-0

[Event "AUTO-ADV-4914"]
[Site "http://www.queenalice.com/game.php?id=1873536"]
[Date "2026.5.18"]
[Round "2"]
[White "Capixaba789"]
[Black "oniwa"]
[Result "0-1"]
[WhiteElo "1866"]
[BlackElo "1949"]

1. d4 Nf6 2. c4 e6 3. Nc3 Bb4 4. Bd2 Bxc3 5. Bxc3 d5 6. e3 Nc6 7. c5 O-O 8. f4
Ne4 9. Nf3 b6 10. cxb6 cxb6 11. Bd3 Nxc3 12. bxc3 Ne7 13. O-O Nf5 14. Qe2 f6 15.
e4 Nh6 16. e5 Qe8 17. Bc2 a5 18. Qd3 Nf5 19. exf6 Ba6 20. Qd2 Bxf1 21. fxg7 Rf7
22. Rxf1 Rxg7 23. Ne5 Qh5 24. Bxf5 Qxf5 25. a4 Rf8 26. Qe2 Rf6 27. Qb5 h6 28.
Qxb6 Qe4 29. Nf3 Qe3+ 30. Kh1 Rfg6 31. Qb2 Qd3 32. Qb8+ Kh7 33. Ne5 Qxf1# 0-1